New York Times Games - Statistics

General Stats
  • This quiz has been taken 25 times
  • The average score is 8 of 13
Answer Stats
Category Answer % Correct
Current Wordle
100%
Current Connections
95%
Current Spelling Bee
84%
Current The Mini Crossword
84%
Current Sudoku
79%
Current The Crossword
79%
Current Letter Boxed
74%
Current Strands
74%
Current Tiles
74%
Former Vertex
21%
Former Digits
5%
Former KenKen
0%
Former SET
0%
No matching quizzes found
Score Distribution
Percent of People with Each Score
Percentile by Number Answered
Your Score History
You have not taken this quiz